000
00284nam a2200097Ia 4500
001
642125
005
20250826153520.0
008
250824s9999 xx 000 0 und d
245
0
_a
PROFESÖR Pİ İLE MATEMATİK 8 TEHLİKELİ BİR YOLCULUK
_c
BİRSEN EKİM ÖZEN
260
_b
TİMAŞ ÇOCUK
999
_c
642125
_d
642125